000 00459nam a2200193Ia 4500
008 170918s9999 xx 000 0 und d
020 _a9780545603775
050 _bS381mi 2014
100 _aSchroeder, Lisa
245 _aMia's golden bird /
245 _cby Lisa Schroeder.
260 _aNew York :
260 _bScholastic,
260 _c2014
300 _a171 pages :
300 _billustrations ;
300 _c19cm.
300 _eCharmed life.
999 _c343806
_d343806